00316nam a2200097Ia 45000010005000000080041000050820020000461000030000662450106000962600016002021870241024s9999 xx 000 0 und d aRD/407.71/L732e aDinorah De Lima Jiménez 0aEspecialmente para maestras y maestros. Propuesta de evaluación diagnóstica, formativa y sumativa bPUCMMc2005